MDQL
is popping MORE tags! Check the
thread
!
Quizzes
Events
Quiz Creation
Community
Videos
Private Events
Remove Ads
Sign In
Join for FREE
Feedback
Dark Mode
Quiz Categories
Sports
Geography
Music
Movies
Television
Just For Fun
Miscellaneous
History
Literature
Language
Science
Gaming
Entertainment
Religion
Holiday
For Kids
Quiz Lab
Recent
Popular Today
Quiz Kudos Today
Editor Picks
Curator Picks
Quizzes by...
Day
Popularity
Type
Ratings
Length
Year
Community
Subscriptions
Recent Discussions
Orange Saloon
Badges
Playlists
Quests
Create
Leaderboards
Showdown
Live 5
Trivia Bingo
Activity
Puzzle Library
Sporcle Events
Private Events
Virtual Trivia
Globe League
Become a Host
Pub Owners
SporcleCon
Opinionation
Our Games
Videos
Blog
Mobile Apps
Partnerships
Remove Ads and Go Orange
Feedback
Geography
Country
Landmarks
City
State
Population
World
Capital
Continent
Flags
Europe
Africa
Asia
South America
North America
Oceania
Border
Canada
United Kingdom
Topography
United States
Geography
Country
Landmarks
City
State
Population
World
Capital
Continent
Flags
Europe
Africa
Asia
South America
North America
Oceania
Border
Canada
United Kingdom
Topography
United States
Random Quiz
Search Sporcle
×
Quiz Lab
Quiz Lab
Geography
United States
Type in answers that appear in a list
Type in answers that appear in a list
Classic
Best Score? Go Orange.
US state facts Stats
Can you name the state that have the ... in the United States?
By
casper_ba
3m
26 Questions
149 Plays
149 Plays
149 Plays
Comments
Comments
Give Quiz Kudos
Give Quiz Kudos
-
- Ratings
hide this ad
Forced Order
Answers have to be entered in order
Answers have to be entered in order
Replay
Link that replays current quiz
Next Quiz
Link to next quiz in quiz playlist
You Got
0%
They Got
Avg Score
64%
Avg Friend Score
Upgrade to see
Score Distribution
Jump to the score distribution portion of the page
Score
0/26
Timer
03:00
0
Plays Today
Question
State
% Correct
Most northern point
Alaska
96.6%
Smallest land area
Rhode Island
95.3%
Most eastern point
Maine
94.6%
Largest land area
Alaska
94%
Most western point
Alaska
91.9%
Most southern point
Hawaii
91.3%
Longest ocean coastline
Alaska
84.6%
Longest state border
Texas
81.9%
Shortest state border
Rhode Island
77.9%
Lowest recorded temperature
Alaska
75.2%
Lowest valley
California
73.8%
Highest peak
Alaska
73.2%
Largest population
California
71.8%
Question
State
% Correct
Highest recorded temperature
California
68.5%
Smallest population
Wyoming
61.7%
Most miles of road
Texas
61.1%
Lowest population density
Alaska
52.3%
Highest population density
New Jersey
51.7%
Lowest average annual rainfall
Nevada
45.6%
Fewest miles of road
Hawaii
44.3%
Shortest ocean coastline
New Hampshire
44.3%
Highest per capita income
Connecticut
30.2%
Most populous state capital
Arizona
29.5%
Least populous state capital
Vermont
29.5%
Lowest per capita income
Mississippi
28.9%
Highest average annual rainfall
Louisiana
18.8%
Quiz Playlist
Details
Report
Send in Message
Add To Playlist
Classic:
Type in answers that appear in a list
Forced Order:
Answers have to be entered in order
Last Updated: Feb 16, 2017
Quiz Scoreboard
CHALLENGE
Sign Up to Join the Scoreboard
Show All
Scores
Hide
Comments
May contain spoilers
Recently Published
Holiday 10x10 Sorting Gallery
by lukepisani3
Holiday
15m
Two Season TV Shows II
by 123Four
Television
10m
Image Sorting: Flags VI
by Barbecue
Geography
2m
More to Explore
Quiz From the Vault
Featured Blog Post
14 Easter Pick-up Lines to Find Eggs With
hide this ad
You Might Also Like...
Tags
United States Quiz
Today's Top Quizzes in Geography
Browse Geography
hide this ad
Today's Top Quizzes in United States
Browse United States
Top Contributed Quizzes in Geography
1
Colored Red Europe Blitz I
2
Countries of the World - No Outlines Minefield
3
Colored Red Africa Blitz II
4
Colored Red Europe Blitz II
5
Colored Red Europe Blitz III
6
Colored Red Africa Blitz III
7
Colored Red States Blitz I
8
A Different View: World Oceans
9
Colored Red States Blitz II
10
Colored Red States Blitz III
Explore More
Trending Topics
NBA
Kpop
Disney
Marvel
Crossword
Anime
Harry Potter
Soccer
Country
Pokémon
WWE
Song
Puzzle
The Office
NFL
hide this ad
More By:
casper_ba
Quiz
Plays
Rating
Category
Featured
Created
Non-EU NATO Members
16,201
4.58
Geography
Jan 29, 2011
NATO - Warsaw Pact overlap
291
4.00
Geography
Feb 20, 2011
NATO partner countries
163
5.00
Geography
Feb 20, 2011
US state facts
149
2.67
Geography
Feb 13, 2012
NATO Secretary General 1952-present
59
3.00
History
Jan 28, 2011
Go to Creator's Profile
Score Distribution
Quiz Creator Spotlight
casper_ba
Follow
Send a Message
Quizzes Created
-
Created Quiz Play Count
-
More By This Creator
Popular Quizzes Today
1
Find the US States - No Outlines Minefield
2
Colored Red Africa Blitz
3
Find the 'City' Movie
4
The Countries of the World
5
5x2 Blitz: Bands
6
Find the US States
7
Find the Countries of Europe - No Outlines Minefield
8
US States
More Geography Quizzes
Secret Country CXLVII
Quiz Lab
Trending Quizzes
Colored Red Europe Blitz I
Colored Red Europe Blitz II
Colored Red Africa Blitz II
Colored Red Europe Blitz III
Colored Red Africa Blitz III
Recently Updated
Odd Team Out - Big 4 Players
pecheneg
Quick Pick: 20 Twenties
pecheneg
March Madness Men's Triple Doubles
pecheneg
How Do You Spell That?
pecheneg
Godzilla Movies
pecheneg
Grab Bag: 4-10 Letters
pecheneg
2024 March Madness Bracket
pecheneg
Famous TV Couples
Peacemaker
Champions League XIs: Real Madrid
pecheneg
Largest US Cities 1790-2010
pecheneg
Trending Topics
Harry Potter
Anime
Marvel
Disney
Crossword
Kpop
NBA
Puzzle
Country
WWE
Pokémon
The Office
Song
Soccer
NFL
Your Account Isn't Verified!
In order to create a playlist on Sporcle, you need to verify the email address you used during registration. Go to your
Sporcle Settings
to finish the process.
Report this User
Report this user for behavior that violates our
Community Guidelines
.
Details:
Send Report
Go to the Sporcle.com Mobile Site →
Comments